000 00448nam a2200181Ia 4500
001 8691
005 20260306160628.0
008 260306t1998||||xx |||||||||||||| ||spa||
041 _aESP
082 _a371.3
_bC29
100 _aCarrasco, José Bernardo
_eAUT
245 0 _aCómo aprender mejor:
_bestrategias de aprendizaje
260 _c1998
300 _a152 páginas :
_c22 cm.
650 _aGEN
654 _aCED
942 _cLIB
_dJUS
_fJUS
_2ddc
_n
999 _c8691
_d8691